| 000 | 02372nam a22003735i 4500 | ||
|---|---|---|---|
| 001 | 193375 | ||
| 003 | SpMaBN | ||
| 005 | 20250709185441.0 | ||
| 007 | ta | ||
| 008 | 960315s1995 sp | ||| ||spa | ||
| 016 | 7 |
_abimoBNE19960090391 _2SpMaBN |
|
| 017 |
_aM 40162-1995 _bOficina Depósito Legal Madrid |
||
| 020 | _a8470397257 | ||
| 035 | _a(OCoLC)431437223 | ||
| 040 |
_aSpMaBN _bspa _cSpMaBN _erdc |
||
| 080 | _a821.134.2-31"19" | ||
| 100 | 1 |
_aBilbao, Daniel, _d1960- _0XX998402 _eaut _9234543 |
|
| 245 | 1 | 0 |
_aTiburones desdentados / _cDaniel Bilbao |
| 260 |
_aMadrid : _bCastalia; _c[1995] |
||
| 300 |
_a177 páginas ; _c23 cm |
||
| 336 |
_2rdacontent _aTexto |
||
| 337 |
_2rdamedia _asin mediación |
||
| 338 |
_2rdacarrier _avolumen |
||
| 500 | _aÍndice | ||
| 520 | _aI. Introducción u relación entre Las cuatro dimensiones del Tiempo y el Espacio y La aceleración y desaceleración económica de España 1986-1992. II. Metodología de contratación informática y la hora del bocadillo. III. Metodología de adquisiciones de empresas I y contratación de helicópteros. IV. Metodología de relaciones con accionistas I e introducción a la ópera. V. Metodología de cultura empresarial y diseño de sobres. VI. Metodología de cotización en bolsa y contratación de patinadoras. VII. Metodología de escrituras fiscales y hospitales. VIII. Metodología de adquisiciones de empresas II y el ocio en Japón. IX. Metodología de control del capital circulante y el albergue de Sevilla. X. Metodología de adquisiciones de empresas III y las ordenanzas de Carlos III. XI. Metodología de relaciones con accionistas II y telefonía portátil. XII. Metodología de desinversión I y Santiago Matamoros. XIII. Metodología de desinversión II y el perro del amigo de Isidro Carro. Epílogo. | ||
| 655 | 7 |
_9176428 _aNovelas de humor |
|
| 852 |
_aES-MaACL _bR. 154754 _cDEPOJ _jN-9532 _9200819 _hDonación: Daniel Bilbao _gDedicatoria autógrafa del autor _xEncuadernación rústica con solapas |
||
| 903 |
_aBilbao, Daniel, _d1960- _ednr _9234543 |
||
| 942 |
_n0 _cMONOGRAFIA |
||
| 999 |
_c193375 _d193375 |
||